Anne Sylvestre - Les gens qui doutent - paroles - Statistiques

Statistiques générales
  • Ce quiz a été pris 105 fois
  • Le résultat moyen est 200 sur 264
Statistiques - réponses
Paroles % Correct
le
100%
doutent,
98%
doutent
98%
gens
98%
les
98%
qui
98%
qui,
98%
Qui
98%
à
93%
de
91%
et
91%
Et
91%
il
89%
J'aime
89%
la
89%
se
89%
cœur
87%
des
87%
leur
87%
pas
87%
ce
85%
pour
85%
Pour
85%
balancer
83%
écoutent
83%
en
83%
trop
83%
que
81%
du
80%
ils
80%
on
80%
leurs
78%
passent
78%
au
76%
ça
76%
chanson
76%
cons
76%
petite
76%
qu'elles
76%
sans
76%
sont
76%
un
76%
ceux
74%
Ceux
74%
comme
74%
dise
74%
dise,
74%
fait
74%
font
74%
nous
74%
enfin,
72%
Même
72%
ne
72%
ont
72%
paniquent,
70%
pu
70%
s'ils
70%
dans
69%
disent
69%
faut
69%
fesses
69%
pis
69%
tant
69%
vos
69%
bruit
67%
contredisent
67%
côté
67%
qu'on
67%
Qu'on
67%
ces
65%
gêne
65%
logiques,
65%
merci
65%
Merci
65%
ratés
65%
su
65%
bout
63%
grelot
63%
parfois
63%
compte
61%
enfants
61%
godasses
61%
jamais
61%
l'âme
61%
meilleur
61%
moitié
61%
quand
61%
tendresse
61%
tristes
61%
avec
59%
daltoniens
59%
dénoncer
59%
dire
59%
gardez
59%
honte
59%
n'être
59%
n'être,
59%
pire
59%
temps
59%
chaînes
57%
n'auront
57%
n'avoir
57%
oriflamme
57%
tous
57%
choses,
56%
culs
56%
d'avoir
56%
plus
56%
vécu!
56%
yeux
56%
crie
54%
foute
54%
l'histoire
54%
moins
54%
paix
54%
remercie
54%
rende
54%
assez
52%
belles
52%
capables
52%
couleurs
52%
honneurs
52%
juger
52%
mais
52%
n'osent
52%
bien
50%
encore
50%
malmène
50%
poires
50%
printemps
50%
fenêtre
48%
flammes
48%
ignorent
48%
automnes
46%
délivrez-nous
46%
s'approprier
46%
semblent
46%
simple
46%
voudraient
46%
qu'une
44%
veulent
44%
promènent
43%
tremblent,
43%
Aucun quiz correspondant
Distribution des résultats
% des personnes avec chaque résultat
Percentile par nombre de réponses
Votre historique - résultats
Vous n’avez pas pris ce quiz